000 00593nam a22002057a 4500
003 PILC
005 20151020160825.0
008 131001t xxu||||| |||| 00| 0 eng d
020 _a0140903925
050 _aPN 6728
_b.W214 1993
082 _aGS 793.93
_bW15 1993
100 _aWallis, James
_922273
245 _aSonic the hedgehog :
_badventure gamebook 2 /
_cJames Wallis.
260 _aLondon :
_bPenguin Group,
_c1993.
300 _a300 p. :
_bill. ;
_c18 cm.
650 _aGames
_xJuvenile literature
_922274
650 _aAdventure games
_922275
942 _2lcc
_cBK
999 _c12436
_d12436